Некоммерческие организациии предпринимателей (Запись № 756963)

Подробности
000 -МАРКЕР
контрольное поле 01588nam0a2200337 4500
001 - ИДЕНТИФИКАТОР ЗАПИСИ
контрольное поле RU\NLR\bibl\437675
005 - ИДЕНТИФИКАТОР ВЕРСИИ
контрольное поле 20260407090844.0
010 ## - МЕЖДУНАРОДНЫЙ СТАНДАРТНЫЙ НОМЕР КНИГИ (ISBN)
Номер (ISBN) 5-85152-318-2
Тираж 1000
021 ## - НОМЕР ГОСУДАРСТВЕННОЙ РЕГИСТРАЦИИ
Код страны Российская Федерация
Номер 2003-40941
Номер Листа государственной регистраци 1946
035 ## - ДРУГИЕ СИСТЕМНЫЕ НОМЕРА
Идентификатор записи (NLR Aleph) 000431453
100 ## - ДАННЫЕ ОБЩЕЙ ОБРАБОТКИ
Данные общей обработки 20030919d2003 |||y0rusy50 ca
101 0# - ЯЗЫК РЕСУРСА
Язык текста, звукозаписи и т.д. русский
102 ## - СТРАНА ПУБЛИКАЦИИ ИЛИ ПРОИЗВОДСТВА
Страна публикации Российская Федерация
105 ## - ПОЛЕ КОДИРОВАННЫХ ДАННЫХ: ТЕКСТОВЫЕ МАТЕРИАЛЫ, МОНОГРАФИЧЕСКИЕ
Кодированные данные о монографическом текстовом документе a |||||||||
200 1# - ЗАГЛАВИЕ И СВЕДЕНИЯ ОБ ОТВЕТСТВЕННОСТИ
Основное заглавие Некоммерческие организациии предпринимателей
Сведения, относящиеся к заглавию Аналит. справ.
Первые сведения об ответственности Учеб. центр "Развитие"
Последующие сведения об ответственности [Авт.-сост. В.Н. Нефедов и др.]
-- Под науч. ред. доц., к.ист.н. В.Н. Нефедова
210 ## - ПУБЛИКАЦИЯ, РАСПРОСТРАНЕНИЕ И ДР.
Место издания, распространения и т.д. Н. Новгород
Имя издателя, распространителя и т. д. Изд-во Волго-Вят. акад. гос. службы
Дата издания, распространения и т.д. 2003
215 ## - ФИЗИЧЕСКАЯ ХАРАКТЕРИСТИКА
Специфическое обозначение материала и объем 173 с.
Другие сведения о физической характеристике ил.
Размеры 20
320 ## - ПРИМЕЧАНИЯ О НАЛИЧИИ В ДОКУМЕНТЕ БИБЛИОГРАФИИ / УКАЗАТЕЛЯ
Текст примечания Библиогр.: с. 97-98 (26 назв.)
606 0# - НАИМЕНОВАНИЕ ТЕМЫ КАК ПРЕДМЕТ
Наименование темы Некоммерческие организации
Формальный подзаголовок Справочники
Тематический подзаголовок Экономика
Системный номер авторитетной/нормативной записи 2253486
Идентификатор авторитетной/нормативной записи RU\NLR\auth\661351550
606 0# - НАИМЕНОВАНИЕ ТЕМЫ КАК ПРЕДМЕТ
Наименование темы Предпринимательство
Формальный подзаголовок Справочники
Географический подзаголовок Российская Федерация
Системный номер авторитетной/нормативной записи 2073455
Идентификатор авторитетной/нормативной записи RU\NLR\auth\661248355
686 ## - ИНДЕКСЫ ДРУГИХ КЛАССИФИКАЦИЙ
Индекс У29(2)я2
686 ## - ИНДЕКСЫ ДРУГИХ КЛАССИФИКАЦИЙ
Индекс У9(2)-13(2Р)я2
686 ## - ИНДЕКСЫ ДРУГИХ КЛАССИФИКАЦИЙ
Индекс Х623.012.3я2
702 #1 - ИМЯ ЛИЦА - ВТОРИЧНАЯ ОТВЕТСТВЕННОСТЬ
Начальный элемент ввода Нефедов
Часть имени, кроме начального элемента ввода В. Н.
Расширение инициалов личного имени Виктор Николаевич
Код отношения Составитель
712 02 - НАИМЕНОВАНИЕ ОРГАНИЗАЦИИ - ВТОРИЧНАЯ ОТВЕТСТВЕННОСТЬ
Код отношения Прочие
Начальный элемент ввода "Развитие", учебный центр
Идентифицирующий признак Нижний Новгород
Идентификатор авторитетной/нормативной записи RU\NLR\AUTH\8810048454
Системный номер авторитетной/нормативной записи 597035
801 #0 - ИСТОЧНИК ЗАПИСИ
Страна Российская Федерация
Организация NLR
Дата составления 20030919
Правила каталогизации PSBO
801 #1 - ИСТОЧНИК ЗАПИСИ
Страна Российская Федерация
Организация NLR
Дата составления 20030919
942 ## - ДОПОЛНИТЕЛЬНЫЕ ЭЛЕМЕНТЫ ЗАПИСИ (АБИС)
Тип экземпляра АБИС Книга
980 ## - КОЛЛЕКЦИЯ
Название коллекции Национальная библиография
Экземпляры
Тип экземпляра Дата поступления Источник поступления Библиотека постоянного хранения Библиотека текущего хранения Место хранения Шифр хранения Штрих-код Статус экземпляра
Книга 19.09.2003 Обязательный экземпляр РНБ (Московский) РНБ (Московский) Русский книжный фонд: издания с 1957 года 2003-3/22474 550605  
Книга 19.09.2003 Обязательный экземпляр РНБ (Московский) РНБ (Московский) Русский книжный фонд: издания с 1957 года 2003-3/22474 550606